000 00648nam a2200193Ia 4500
003 OSt
005 20251204110727.0
008 210719s2001 xx 000 0 und d
040 _cAL
041 _aKannada
082 _ak894.1 VIRS
100 _aVIRAPPA MOYILI (M)
_dವೀರಪ್ಪ ಮೊಯಿಲಿ (ಎಂ)
_9247573
245 _aShriramayana mahanveshanam; pratama sopana.
_b ಶ್ರೀರಾಮಾಯಣ ಮಹಾನ್ವೇಷಣಂ; ಪ್ರಥಮ ಸೋಪಾನ.
260 _aBengaluru
_bMaheshvari Prakashana
_c2001
300 _axxiv,513
_bHB
365 _b350
_cRs
650 _aKannada Poetry
_9247574
942 _2ddc
_cBK
999 _c213737
_d213737